مكتبة جامعة عجلون الوطنية

فهرس بحث المكتبة

Normal view MARC view
  • ابو بكر،مصطفى محمود

Entry Personal Name

Number of records used in: 1

001 - CONTROL NUMBER

  • control field: 32581

003 - CONTROL NUMBER IDENTIFIER

  • control field: JO-AjAnu

005 - DATE AND TIME OF LATEST TRANSACTION

  • control field: 20230606075456.0

008 - FIXED-LENGTH DATA ELEMENTS

  • fixed length control field: 230606|| aca||aabn | a|a d

040 ## - CATALOGING SOURCE

  • Original cataloging agency: JO-AjAnu
  • Transcribing agency: JO-AjAnu

100 ## - HEADING--PERSONAL NAME

  • Personal name: ابو بكر،مصطفى محمود

670 ## - SOURCE DATA FOUND

  • Source citation: Work cat.: (JO-AjAnu)16739: ابو بكر،مصطفى محمود, author, فن ومهارات التسويق والبيع في الشركات المتخصصة:الشركات المتخصصة،شركات الاستثمار العقاري والاسكان،شركات التأمين التجاري والتكافلي،المؤسسات الصحية والعلاجية